|
|
|
|
| LEADER |
01084cam a2200313 7i4500 |
| 001 |
0000036266 |
| 005 |
20200204090000.0 |
| 007 |
##ta |
| 008 |
200204t20182018 my |
| 020 |
# |
# |
|a 9789834907242
|
| 040 |
# |
# |
|a MATR
|
| 090 |
0 |
0 |
|a B327.595
|b MAL (LRM)
|
| 245 |
0 |
0 |
|a MALAYSIA DI PERSADA ANTARABANGSA /
|c Editor Ratnaria Wahid, Rusdi Omar, Hamidi Ismail, Tuan Pah Rokiah Syed Hussain.
|
| 264 |
# |
4 |
|a ♭2018.
|
| 264 |
# |
1 |
|a Kuala Lumpur:
|b Dewan Bahasa dan Pustaka,
|c 2018.
|
| 300 |
# |
# |
|a xix, 293pages:
|b illustrations;
|c 22cm.
|
| 336 |
# |
# |
|a text
|2 rdacontent
|
| 337 |
# |
# |
|a unmediated
|2 rdamedia
|
| 338 |
# |
# |
|a volume
|2 rdacarrier
|
| 504 |
# |
# |
|a Includes bibliographical references and index
|
| 650 |
# |
0 |
|a International relations --
|z Malaysia
|
| 650 |
# |
0 |
|a Government publications --
|z Malaysia
|
| 651 |
# |
0 |
|a Malaysia --
|x Foreign relations
|
| 651 |
# |
0 |
|a Malaysia --
|x Economic conditions
|
| 700 |
1 |
# |
|a Ratnaria Wahid
|
| 700 |
1 |
# |
|a Rusdi Omar
|
| 700 |
1 |
# |
|a Hamidi Ismail
|
| 700 |
1 |
# |
|a Tuan Pah Rokiah Syed Hussain
|
| 999 |
|
|
|a B000040989
|b Book
|c Malaysia
|e Business Information Centre
|